000 00690nam a22002057a 4500
005 20250707083722.0
008 121128t mx||||| |||| 00| 0 spa d
020 _a9505081731
050 0 4 _aKHA462.M54
_bD36 1986
100 1 _aD'Antonio, Daniel Hugo
245 1 0 _aDerecho de menores
_c / Daniel Hugo D'Antonio.
250 _a3a ed.
_bactualizada y ampliada
260 _aBuenos Aires :
_bAstrea De Alferedo y Ricardo Depalma,
_c1986
300 _axv, 408 p. ;
_c23 cm.
504 _aIncluye apéndice
504 _aIncluye apéndice, bibliografía : p. 401-408
650 7 _2lemb
_aDerecho civil
_zArgentina
650 7 _2lemb
_aNiños
_xSituación legal
_zArgentina
942 _2lcc
_cLIB
999 _c35396
_d35396